Long-term environmental effects of offshore oil and gas development /

Bibliographic Details
Other Authors: Boesch, Donald F., Rabalais, Nancy N., 1950-
Format: Book
Language:English
Published: London ; New York : Elsevier Applied Science ; [1987]
Subjects:

MARC

Tag First Indicator Second Indicator Subfields
LEADER 00000cam a2200000 a 4500
001 in00000008941
005 20151004060021.0
008 870121s1987 enka b 00100 eng
010 |a  87000605  
020 |a 1851660941 
035 |a (OCoLC)15163751 
035 |9 AAA1353AM 
040 |a DLC  |c DLC  |d UtOrBLW 
043 |a n-us--- 
049 |a TXAM  |c [A12630313] 
050 0 0 |a TD195.P4  |b L65 1987 
082 0 |a 333.8/2315  |2 19 
245 0 0 |a Long-term environmental effects of offshore oil and gas development /  |c edited by Donald F. Boesch and Nancy N. Rabalais. 
264 1 |a London ;  |a New York :  |b Elsevier Applied Science ;  |c [1987] 
264 2 |a New York, NY, USA :  |b Sole distributor in the USA and Canada, Elsevier Science Pub. Co., 
264 4 |c ©1987 
300 |a x, 708 pages :  |b illustrations ;  |c 25 cm. 
336 |a text  |b txt  |2 rdacontent 
337 |a unmediated  |b n  |2 rdamedia 
338 |a volume  |b nc  |2 rdacarrier 
504 |a Includes bibliographies and index. 
650 0 |a Offshore oil industry  |x Environmental aspects  |z United States. 
650 0 |a Offshore gas industry  |x Environmental aspects  |z United States. 
650 0 |a Environmental impact analysis  |z United States. 
700 1 |a Boesch, Donald F. 
700 1 |a Rabalais, Nancy N.,  |d 1950- 
999 |a MARS 
999 f f |s 47635319-928f-35e8-9482-1231fd3dc5d6  |i f0410385-f0a4-3d52-b0f4-a0cd2a64aece  |t 0 
952 f f |p normal  |a Texas A&M University  |b Galveston Campus  |c Jack K. Williams Library  |d Galveston Stacks  |t 0  |e TD195.P4 L65 1987  |h Library of Congress classification  |i unmediated -- volume  |m 33620000172755 
952 f f |p normal  |a Texas A&M University  |b College Station  |c Sterling C. Evans Library  |d Evans: Library Stacks  |t 0  |e TD195.P4 L65 1987  |h Library of Congress classification  |i unmediated -- volume  |m A14812630313 
998 f f |a TD195.P4 L65 1987  |t 0  |l Galveston Stacks 
998 f f |a TD195.P4 L65 1987  |t 0  |l Evans: Library Stacks